[Event "28th European Club Cup"]
[Site "Eilat ISR"]
[Date "2012.10.17"]
[Round "7.11"]
[White "Bar, Roman"]
[Black "Koch, Thomas1"]
[Result "1/2-1/2"]
[WhiteTitle "IM"]
[BlackTitle "IM"]
[WhiteElo "2468"]
[BlackElo "2431"]
[WhiteTeam "Petach Tikva"]
[BlackTeam "Eynatten"]
[WhiteFideId "2803879"]
[BlackFideId "4600533"]
[EventDate "2012.10.11"]
[EventType "team-swiss"]

1. e4 c5 2. Nf3 d6 3. Bc4 Nc6 4. O-O Nf6 5. d3 e6 6. Bb3 Be7 7. c3 O-O 8. Re1 e5
9. Nbd2 Na5 10. Bc2 Qc7 11. Nf1 Bd7 12. h3 b5 13. N3h2 d5 14. Ng4 d4 15. cxd4
cxd4 16. Nxf6+ Bxf6 17. Bd2 Be6 18. b4 Nc6 19. Bb3 Qd7 20. Bxe6 Qxe6 21. Qg4 Be7
22. Qxe6 fxe6 23. Rab1 Rfc8 24. Nh2 Kf7 25. Nf3 Ke8 26. Rec1 Kd7 27. Kf1 Bd6 28.
Ke2 a5 29. bxa5 b4 30. Be1 Rxa5 31. Rb2 Ra3 32. Nd2 Rc3 33. Rcb1 Na5 34. Nb3
Rc2+ 35. Kd1 Rxb2 36. Rxb2 Nxb3 37. Rxb3 Ra8 38. Bxb4 Rxa2 39. Bxd6 Kxd6 40. Ke1
Ra1+ 41. Ke2 Ra2+ 42. Ke1 Ke7 43. Rb5 Kf6 44. h4 Ra1+ 1/2-1/2

[Event "28th European Club Cup"]
[Site "Eilat ISR"]
[Date "2012.10.17"]
[Round "7.11"]
[White "Chernomordik, Pavel"]
[Black "Kaufeld, Juergen"]
[Result "1-0"]
[WhiteTitle "FM"]
[BlackTitle "FM"]
[WhiteElo "2274"]
[BlackElo "2326"]
[WhiteTeam "Petach Tikva"]
[BlackTeam "Eynatten"]
[WhiteFideId "2804530"]
[BlackFideId "4648498"]
[EventDate "2012.10.11"]
[EventType "team-swiss"]

1. e4 c5 2. Nc3 Nc6 3. f4 g6 4. Nf3 Bg7 5. Bb5 d6 6. O-O Bd7 7. d3 a6 8. Bxc6
Bxc6 9. Qe1 Qd7 10. Be3 Nh6 11. h3 f5 12. Ng5 Nf7 13. Nxf7 Kxf7 14. Qg3 Rhf8 15.
Rae1 Kg8 16. e5 Rad8 17. d4 dxe5 18. dxe5 b6 19. h4 Qe6 20. b3 Rd7 21. Qf2 Bb7
22. Rd1 Rfd8 23. Rxd7 Rxd7 24. Rd1 Rxd1+ 25. Nxd1 Qc6 26. Nb2 Bf8 27. Nc4 e6 28.
Nd2 Be7 29. Nf3 Qd5 30. Qe2 h6 31. Bf2 b5 32. Qd2 Qc6 33. Kf1 Kf7 34. h5 gxh5
35. Bh4 Qd5 36. Bxe7 Kxe7 37. Qf2 Qd1+ 38. Ne1 Qd4 39. Qg3 Kd7 40. Qg7+ Kc8 41.
Qxh6 Bd5 42. Nd3 Kb7 43. Qf8 Be4 44. Nxc5+ Kb6 45. Qd6+ Qxd6 46. exd6 Bxc2 47.
Nxe6 Bd3+ 48. Kf2 Kc6 49. d7 1-0

[Event "28th European Club Cup"]
[Site "Eilat ISR"]
[Date "2012.10.17"]
[Round "7.12"]
[White "Svetushkin, Dmitry"]
[Black "Meribanov, Vitaly"]
[Result "1-0"]
[BlackTitle "FM"]
[WhiteElo "2597"]
[BlackElo "2407"]
[WhiteTeam "Perfect"]
[BlackTeam "Ladia Minsk"]
[WhiteFideId "13900463"]
[BlackFideId "13504363"]
[EventDate "2012.10.11"]
[EventType "team-swiss"]

1. e4 e5 2. Nf3 Nc6 3. Bb5 a6 4. Ba4 Nf6 5. O-O Be7 6. Re1 b5 7. Bb3 d6 8. c3
O-O 9. h3 Na5 10. Bc2 c5 11. d4 Qc7 12. Nbd2 cxd4 13. cxd4 Rd8 14. b3 Nc6 15.
Bb2 Qb6 16. a3 exd4 17. Nf1 Be6 18. Nxd4 Nxd4 19. Bxd4 Qb7 20. Ng3 Ne8 21. Qd3
g6 22. Rad1 Bf6 23. Nf5 Rac8 24. Bxf6 Nxf6 25. Qd4 Bxf5 26. exf5 Kg7 27. Be4 Qc7
28. fxg6 hxg6 29. g4 Qc3 30. Bb7 Qxd4 31. Rxd4 Rc3 32. g5 Nh7 33. h4 Rd7 34. Bd5
Nf8 35. a4 bxa4 36. Rxa4 Rc5 37. Rd4 a5 38. Kg2 Rc3 39. Bc4 Ne6 40. Bxe6 fxe6
41. Rxe6 Rxb3 42. Rexd6 Rxd6 43. Rxd6 a4 44. Ra6 Ra3 45. f4 Ra2+ 46. Kg3 Ra1 47.
Ra7+ Kg8 48. f5 gxf5 49. Kf4 Rf1+ 50. Ke5 Rb1 51. g6 f4 52. Kf6 Rb6+ 53. Kg5 Rb4
54. h5 Rc4 55. Ra8+ 1-0

[Event "28th European Club Cup"]
[Site "Eilat ISR"]
[Date "2012.10.17"]
[Round "7.12"]
[White "Bulanov, Dmitri"]
[Black "Korsunsky, Yuri"]
[Result "1/2-1/2"]
[WhiteTitle "FM"]
[BlackTitle "IM"]
[WhiteElo "2376"]
[BlackElo "2419"]
[WhiteTeam "Ladia Minsk"]
[BlackTeam "Perfect"]
[WhiteFideId "13506382"]
[BlackFideId "14102722"]
[EventDate "2012.10.11"]
[EventType "team-swiss"]

1. e4 d6 2. d4 Nf6 3. Nc3 g6 4. g3 Bg7 5. Bg2 O-O 6. Nge2 e5 7. h3 b6 8. O-O
Nbd7 9. Be3 Bb7 10. d5 Ne8 11. g4 f5 12. exf5 gxf5 13. gxf5 Rxf5 14. Ng3 Rf7 15.
Nce4 h6 16. c4 Nf8 17. Qh5 Nf6 18. Nxf6+ Qxf6 19. Ne4 Qg6 20. Qh4 Qf5 21. Ng3
Qf6 22. Qxf6 Bxf6 23. Bxh6 Rh7 24. Be3 Ng6 25. Ne4 Rf8 26. f3 Bc8 27. Kf2 Bh4+
28. Ke2 Rg7 29. Rg1 Nf4+ 30. Bxf4 Rxf4 31. Bh1 Bxh3 32. Rxg7+ Kxg7 33. Bg2 Bf5
34. Rf1 Kg6 35. b3 a5 36. Ke3 Bg5 37. Ke2 Rh4 38. Rh1 Rxh1 39. Bxh1 Bh3 40. Nf2
Bf5 41. Ne4 Bh4 42. Bg2 Bd7 43. a4 Be7 44. Nf2 Bf5 45. Ne4 Kf7 46. Ke3 Kg6 47.
Bf1 Bg5+ 48. Kf2 Bh4+ 49. Ke3 Bg5+ 50. Kf2 Bh4+ 51. Ke3 1/2-1/2

[Event "28th European Club Cup"]
[Site "Eilat ISR"]
[Date "2012.10.17"]
[Round "7.12"]
[White "Kurochkin, Victor"]
[Black "Kocheev, Aleksandr"]
[Result "0-1"]
[WhiteElo "2423"]
[BlackElo "2324"]
[WhiteTeam "Perfect"]
[BlackTeam "Ladia Minsk"]
[WhiteFideId "4105168"]
[BlackFideId "13507842"]
[EventDate "2012.10.11"]
[EventType "team-swiss"]

1. e4 e5 2. Nf3 Nc6 3. Bb5 a6 4. Bxc6 dxc6 5. O-O f6 6. d4 exd4 7. Nxd4 c5 8.
Ne2 Qxd1 9. Rxd1 Bd7 10. Bf4 O-O-O 11. Nbc3 Ne7 12. Bg3 Ng6 13. Nd5 Ne5 14. Bxe5
fxe5 15. c4 Be6 16. b3 Kb8 17. Rd3 Bd6 18. a4 c6 19. Ndc3 Bc7 20. Rad1 Ka7 21.
f3 Rxd3 22. Rxd3 Kb6 23. Kf2 Ka5 24. Ke3 Kb4 25. Kd2 Rd8 26. Nc1 Rd4 27. Kc2 b5
28. axb5 axb5 29. Rxd4 exd4 30. Nd3+ Ka5 31. Nxc5 Bc8 32. Ne2 bxc4 33. Nxd4 Kb4
34. bxc4 Kxc5 35. Kd3 Be5 0-1

[Event "28th European Club Cup"]
[Site "Eilat ISR"]
[Date "2012.10.17"]
[Round "7.12"]
[White "Harshkou, Mikita"]
[Black "Slavin, Gennadie"]
[Result "0-1"]
[WhiteElo "2233"]
[BlackElo "2300"]
[WhiteTeam "Ladia Minsk"]
[BlackTeam "Perfect"]
[WhiteFideId "13504770"]
[BlackFideId "4104870"]
[EventDate "2012.10.11"]
[EventType "team-swiss"]

1. d4 Nf6 2. Bg5 e6 3. e3 d5 4. Nd2 Be7 5. Bd3 O-O 6. f4 c5 7. c3 Nc6 8. Ngf3
Bd7 9. a3 Rc8 10. O-O g6 11. Bh6 Re8 12. Ne5 Nh5 13. b4 cxd4 14. cxd4 Bf8 15.
Bg5 Be7 16. g4 Ng7 17. Bxe7 Qxe7 18. Ndf3 f6 19. Nxc6 Bxc6 20. Qb3 a6 21. a4 Rf8
22. Rfc1 Bd7 23. Rc5 Rxc5 24. dxc5 Qf7 25. g5 fxg5 26. Nxg5 Qf6 27. Rf1 d4 28.
e4 Nh5 29. e5 Qe7 30. Be4 Nxf4 31. Nf3 Ne2+ 32. Kg2 Nc3 33. c6 Bxc6 34. Bxc6
bxc6 35. Qc4 Nd5 36. Qxd4 Rf4 37. Qd2 Qxb4 38. Qxb4 Rxb4 39. Rc1 Rc4 40. Rxc4
Ne3+ 41. Kg3 Nxc4 42. Kf4 Nb2 43. Ng5 Nxa4 44. Nxe6 Nc3 45. Nd8 Nd5+ 46. Ke4 Ne7
47. Kd4 a5 48. Kc5 Kf8 49. Nb7 a4 50. Kb4 Nd5+ 51. Kxa4 Ke7 52. Na5 Kd7 53. Kb3
Ne3 54. h3 c5 55. Nb7 Kc6 56. Nd8+ Kd5 57. e6 Nf5 58. Kc3 h5 59. Kd3 Kd6 60.
Nb7+ Kc6 61. Nd8+ Kd6 62. Nb7+ Kd5 63. Nd8 Ne7 64. Nb7 g5 65. Nd8 Ng6 66. Ke3
Ke5 67. Nf7+ Kf6 68. Nd6 Nf4 69. Ne4+ Kxe6 70. Nxg5+ Kf5 71. Ne4 Ng2+ 72. Kf3
Ne1+ 73. Ke3 Nc2+ 74. Kf3 Nd4+ 75. Ke3 Ne6 76. Ng3+ Kg5 77. Ke4 Kh4 78. Ne2 Kxh3
79. Kd5 Kg2 80. Kxe6 Kf3 81. Ng1+ Ke4 82. Ne2 h4 83. Nc3+ Kf3 84. Nb1 h3 85.
Nd2+ Kg2 0-1

[Event "28th European Club Cup"]
[Site "Eilat ISR"]
[Date "2012.10.17"]
[Round "7.12"]
[White "Alekseev, Andrey"]
[Black "Terzi, Alexei"]
[Result "0-1"]
[WhiteTitle "IM"]
[WhiteElo "2340"]
[BlackElo "2115"]
[WhiteTeam "Perfect"]
[BlackTeam "Ladia Minsk"]
[WhiteFideId "4106873"]
[BlackFideId "13505076"]
[EventDate "2012.10.11"]
[EventType "team-swiss"]

1. e4 e6 2. d4 d5 3. exd5 exd5 4. Bd3 Nf6 5. Qf3 h6 6. Ne2 Bd6 7. h3 O-O 8. Nbc3
c6 9. g4 Re8 10. g5 hxg5 11. Bxg5 Be7 12. Rg1 Ne4 13. Bh6 Bf8 14. Bxe4 dxe4 15.
Nxe4 f5 16. N4c3 Qxd4 17. Qh5 Qd7 18. Rd1 Qf7 19. Qh4 Nd7 20. Rd3 Qe7 21. Bg5
Qb4 22. Qh5 Re6 23. a3 Qxb2 24. Bh6 Nf6 25. Qh4 Qa1+ 26. Kd2 Qxa3 27. Bxg7 Bxg7
28. Rxg7+ Kxg7 29. Nd4 Kf7 30. Qg5 Qxc3+ 0-1

[Event "28th European Club Cup"]
[Site "Eilat ISR"]
[Date "2012.10.17"]
[Round "7.13"]
[White "Arnaudov, G. Petar"]
[Black "Burg, Twan"]
[Result "1/2-1/2"]
[WhiteTitle "IM"]
[BlackTitle "IM"]
[WhiteElo "2471"]
[BlackElo "2502"]
[WhiteTeam "Gambit Aseko-See"]
[BlackTeam "Amay"]
[WhiteFideId "2907127"]
[BlackFideId "1010697"]
[EventDate "2012.10.11"]
[EventType "team-swiss"]

1. d4 Nf6 2. c4 b6 3. Nc3 Bb7 4. e3 g6 5. Nf3 Bg7 6. Be2 O-O 7. O-O d5 8. cxd5
Nxd5 9. Qc2 Nxc3 10. bxc3 c5 11. Rd1 Qc7 12. d5 Nd7 13. Rb1 Rae8 14. c4 e5 15.
e4 Bc8 16. Bd3 Nf6 17. Nh4 Re7 18. Bd2 Ne8 19. Rf1 f5 20. exf5 Bf6 21. Nf3 Nd6
22. Ng5 gxf5 23. Rb3 e4 24. Be2 e3 25. Bxe3 Rxe3 26. Rxe3 Bxg5 27. f4 Bf6 28.
Kh1 Bd4 29. Rg3+ Kh8 30. Bd3 Qe7 31. Qa4 Re8 32. Rgf3 Ne4 33. Qc2 Nd6 34. Qa4
Ne4 35. Qc2 Bd7 36. g3 Nd6 37. Kg2 Qf6 38. Qb1 Ne4 39. Qc2 Nd6 40. Qb1 Qe7 41.
Qc2 Bc8 42. a4 a6 43. Rd1 b5 44. axb5 axb5 45. Rd2 bxc4 46. Bxc4 Nxc4 47. Qxc4
Qe4 48. Qb5 Qe7 49. Rb3 Bd7 50. Qc4 Bc8 51. Qb5 Rd8 52. Re2 Qf7 53. Qc6 Bd7 54.
Qd6 Qf6 55. Rb6 Qf8 56. Qc7 Bc8 57. Re7 Kg8 58. Rb8 Bf6 59. d6 c4 60. Qxc4+ Kh8
61. Qc7 Kg8 62. Qc4+ Kh8 63. Qc7 Kg8 1/2-1/2

[Event "28th European Club Cup"]
[Site "Eilat ISR"]
[Date "2012.10.17"]
[Round "7.13"]
[White "Tan, Matthew"]
[Black "Mitkov, Marjan"]
[Result "1-0"]
[WhiteTitle "IM"]
[BlackTitle "IM"]
[WhiteElo "2425"]
[BlackElo "2331"]
[WhiteTeam "Amay"]
[BlackTeam "Gambit Aseko-See"]
[WhiteFideId "1011316"]
[BlackFideId "15000354"]
[EventDate "2012.10.11"]
[EventType "team-swiss"]

1. e4 e5 2. Bc4 Nf6 3. d3 Nc6 4. Nc3 Bb4 5. Ne2 d5 6. exd5 Nxd5 7. O-O Be6 8.
Bxd5 Bxd5 9. f4 Qd7 10. f5 O-O-O 11. Nxd5 Qxd5 12. Ng3 Bc5+ 13. Kh1 h5 14. Ne4
Bb6 15. Bd2 f6 16. b4 a5 17. bxa5 Bxa5 18. Be3 b6 19. a4 Ne7 20. Rb1 Qc6 21. Rb5
Nxf5 22. Bg1 Nd6 23. Nxd6+ Rxd6 24. Qe2 g6 25. h3 Re8 26. c4 Red8 27. Rd1 Qd7
28. Qe4 c6 29. Bxb6 f5 30. Qxe5 cxb5 31. Bxa5 Re8 32. Qc5+ Rc6 33. Qxb5 Rd6 34.
Qb4 Rc6 35. Rb1 Qa7 36. Bb6 Rxb6 37. Qxb6 Re1+ 38. Kh2 Qxb6 39. Rxb6 g5 40. Rh6
h4 41. Rh5 1-0

[Event "28th European Club Cup"]
[Site "Eilat ISR"]
[Date "2012.10.17"]
[Round "7.13"]
[White "Memeti, Kastriot"]
[Black "Stojcevski, Zoran"]
[Result "1-0"]
[BlackTitle "FM"]
[WhiteElo "2189"]
[BlackElo "2325"]
[WhiteTeam "Amay"]
[BlackTeam "Gambit Aseko-See"]
[WhiteFideId "204390"]
[BlackFideId "15000192"]
[EventDate "2012.10.11"]
[EventType "team-swiss"]

1. d4 Nf6 2. Nf3 g6 3. Bf4 Bg7 4. e3 O-O 5. Be2 c5 6. c3 cxd4 7. cxd4 Qb6 8. Qc1
d6 9. Nc3 Nc6 10. O-O Nh5 11. Bg5 h6 12. Nd5 Qd8 13. Bh4 g5 14. Nd2 gxh4 15.
Bxh5 Bf5 16. f4 e6 17. Nc3 Rc8 18. Bf3 d5 19. Nb3 Kh8 20. Qd2 b6 21. Rac1 Rg8
22. Be2 Ne7 23. Ba6 Rc7 24. Bd3 Bxd3 25. Qxd3 Nf5 26. Nb5 Rb7 27. Rc2 Bf8 28.
Nd2 f6 29. Kf2 Rbg7 30. Rg1 a6 31. Nc3 b5 32. Nf3 Qe8 33. Nxd5 Qd8 34. Nc3 Qe8
35. Ne4 Qg6 36. Rc6 Nd6 37. Nc5 f5 38. Nxh4 Qf6 39. Nf3 a5 40. g3 Qg6 41. Ne5
Qh5 42. Rg2 Qe8 43. d5 exd5 44. Qxd5 Kh7 45. Rxd6 Bxd6 46. Qxd6 Qc8 47. Ned3 Rc7
48. Qe6 Rxc5 49. Qe7+ Rg7 50. Qxc5 Rc7 51. Qd5 b4 52. Ke1 a4 53. Rd2 b3 54. axb3
axb3 55. Qxb3 Qa8 56. Qe6 Qh1+ 57. Ke2 Qxh2+ 58. Nf2 Qh5+ 59. g4 fxg4 60. Rd7+
Rxd7 61. Qxd7+ Kh8 62. Nxg4 1-0

[Event "28th European Club Cup"]
[Site "Eilat ISR"]
[Date "2012.10.17"]
[Round "7.13"]
[White "Andonovski, Ljubisa"]
[Black "Noiroux, Kevin"]
[Result "1/2-1/2"]
[WhiteTitle "FM"]
[WhiteElo "2274"]
[BlackElo "2176"]
[WhiteTeam "Gambit Aseko-See"]
[BlackTeam "Amay"]
[WhiteFideId "15000427"]
[BlackFideId "204234"]
[EventDate "2012.10.11"]
[EventType "team-swiss"]

1. d4 Nf6 2. c4 e6 3. Nf3 Bb4+ 4. Bd2 Qe7 5. g3 Nc6 6. Nc3 Bxc3 7. Bxc3 Ne4 8.
Rc1 d6 9. d5 Nxc3 10. Rxc3 Nd8 11. Bg2 O-O 12. O-O e5 13. c5 dxc5 14. Qc2 c6 15.
Rd1 cxd5 16. Rxd5 Nc6 17. Rdxc5 f6 18. b4 a6 19. a4 Be6 20. Qb1 Rfc8 21. e3 a5
22. bxa5 Rxa5 23. Rxa5 Nxa5 24. Rxc8+ Bxc8 25. Qb5 Nc6 26. Nd2 Qd6 27. Bd5+ Kh8
28. Nc4 Qc7 29. Qc5 h5 30. Qf8+ Kh7 31. Nd6 Bh3 32. Be4+ g6 33. Qxf6 Ne7 34.
Qg7+ Kxg7 35. Ne8+ Kf7 36. Nxc7 Bd7 37. Bc2 Bc6 38. h4 e4 39. Nb5 Ke6 40. Nd4+
Ke5 41. Nxc6+ Nxc6 42. Kf1 b6 43. Ke1 Nb4 44. Bb1 Nd5 45. Kd2 Nf6 46. Ba2 Ng4
47. Ke1 Nh2 48. Bf7 Kf6 49. Be8 Nf3+ 50. Kd1 Ne5 51. Bb5 g5 52. Be8 gxh4 53.
gxh4 Nf3 54. Bxh5 Nxh4 55. Kd2 Nf5 56. Kc3 Ke5 57. Be8 Kd5 58. Kb4 Nd6 59. Bb5
Ke5 60. Bc6 Kf5 61. Bd5 Ke5 62. Bb3 Kf5 63. Bd1 Ke5 64. Bc2 Kd5 65. Bb3+ Ke5 66.
Kc3 Nb7 67. Bd1 Nd6 68. Bg4 Nb7 69. Kb3 Nd6 70. Kb4 Kd5 71. Bd7 Ke5 72. Bc6 Kf5
73. f4 exf3 74. Bxf3 Ke5 75. Bc6 Kf6 76. Kc3 Ke5 77. Kd3 Nf7 78. Kc4 Nd6+ 79.
Kb4 Kf6 80. a5 bxa5+ 1/2-1/2

[Event "28th European Club Cup"]
[Site "Eilat ISR"]
[Date "2012.10.17"]
[Round "7.13"]
[White "Block, Wolfgang"]
[Black "Dinev, Dejan"]
[Result "0-1"]
[BlackTitle "FM"]
[WhiteElo "2101"]
[BlackElo "2348"]
[WhiteTeam "Amay"]
[BlackTeam "Gambit Aseko-See"]
[WhiteFideId "24665185"]
[BlackFideId "15000095"]
[EventDate "2012.10.11"]
[EventType "team-swiss"]

1. d4 Nf6 2. c4 e6 3. Nc3 Bb4 4. e3 O-O 5. Bd3 d5 6. Nf3 c5 7. O-O Nc6 8. a3
cxd4 9. exd4 dxc4 10. Bxc4 Be7 11. d5 exd5 12. Nxd5 Nxd5 13. Qxd5 Bf6 14. Qxd8
Rxd8 15. Ng5 Ne5 16. Bb3 h6 17. Ne4 Be7 18. Bd2 Bf5 19. Bc3 Nd3 20. Ng3 Bg6 21.
Bc4 Rac8 22. Bxd3 Rxd3 23. Rfd1 Rxd1+ 24. Rxd1 Bxa3 25. f4 Bc5+ 26. Kh1 Bc2 27.
Rd7 b5 28. Nh5 b4 29. Be5 Bg6 30. Ng3 f6 31. Bc7 Be8 32. Rd8 Rxd8 33. Bxd8 Bd4
34. b3 Bf7 35. Ba5 Bc5 36. Ne4 Be7 37. Nd2 Bd5 38. Kg1 Bc5+ 39. Kf1 Kf7 40. g3
Ke6 41. Ke2 Kf5 42. Kd3 Kg4 43. Ne4 Be7 44. Nd2 Kh3 45. Kd4 Bf7 46. Bc7 Kxh2 47.
f5 Kh3 48. Ne4 Kg4 0-1

[Event "28th European Club Cup"]
[Site "Eilat ISR"]
[Date "2012.10.17"]
[Round "7.14"]
[White "Johannessen, Leif Erlend"]
[Black "Williams, Simon K"]
[Result "1/2-1/2"]
[WhiteTitle "GM"]
[BlackTitle "GM"]
[WhiteElo "2520"]
[BlackElo "2496"]
[WhiteTeam "Oslo Schakselskap"]
[BlackTeam "Jutes of Kent"]
[WhiteFideId "1501674"]
[BlackFideId "404454"]
[EventDate "2012.10.11"]
[EventType "team-swiss"]

1. d4 Nf6 2. c4 g6 3. Nc3 Bg7 4. e4 O-O 5. Nf3 d6 6. h3 e5 7. d5 a5 8. Bg5 Na6
9. Be2 Nc5 10. Nd2 c6 11. g4 a4 12. Qc2 Qa5 13. Kf1 Bd7 14. Kg2 Rfc8 15. a3 Rab8
16. Qb1 Qa8 17. f3 cxd5 18. cxd5 b5 19. Na2 Na6 20. Be3 b4 21. axb4 Nxb4 22. Rc1
Nbxd5 23. exd5 Nxd5 24. Rxc8+ Bxc8 25. Qd3 Rxb2 26. Nc3 e4 27. Ndxe4 Nxc3 28.
Nxc3 Bxc3 29. Qxc3 Rxe2+ 30. Kg3 Rxe3 31. Qxe3 Be6 32. Qa3 Qd5 33. Qxa4 Qe5+ 34.
Kf2 Qh2+ 35. Ke3 Qe5+ 36. Kf2 Qh2+ 37. Ke3 Qe5+ 38. Kf2 1/2-1/2

[Event "28th European Club Cup"]
[Site "Eilat ISR"]
[Date "2012.10.17"]
[Round "7.14"]
[White "Galego, Luis"]
[Black "Stubberud, Ornulf"]
[Result "1/2-1/2"]
[WhiteTitle "GM"]
[BlackTitle "FM"]
[WhiteElo "2485"]
[BlackElo "2309"]
[WhiteTeam "Jutes of Kent"]
[BlackTeam "Oslo Schakselskap"]
[WhiteFideId "1900072"]
[BlackFideId "1503758"]
[EventDate "2012.10.11"]
[EventType "team-swiss"]

1. d4 Nf6 2. Nf3 g6 3. Bg5 Bg7 4. Nbd2 O-O 5. c3 d6 6. e4 Nbd7 7. Be2 e5 8. dxe5
dxe5 9. O-O Qe7 10. b4 b6 11. Qa4 a6 12. Qc2 Bb7 13. Rfe1 h6 14. Bh4 g5 15. Bg3
Nh5 16. Nc4 Nf4 17. Bf1 Rfe8 18. Ne3 Nf8 19. Nf5 Qf6 20. Rad1 N8e6 21. Nd2 Bf8
22. Nc4 Ng7 23. Nce3 Nxf5 24. Nxf5 Bc8 25. f3 c6 26. Bf2 b5 27. a4 Rb8 28. Rd2
Bxf5 29. exf5 Red8 30. Rxd8 Rxd8 31. Ra1 Nd5 32. axb5 axb5 33. Rd1 Ra8 34. Rc1
Rd8 35. g3 Kg7 36. Qe4 Kg8 37. Bd3 Qd6 38. Bf1 Nf6 39. Qe1 Qd2 40. Ra1 Qxe1 41.
Bxe1 Kg7 42. Ra6 Rc8 43. Bd3 Rd8 44. Be2 Rc8 45. Bd3 Rd8 46. Be2 Rc8 1/2-1/2

[Event "28th European Club Cup"]
[Site "Eilat ISR"]
[Date "2012.10.17"]
[Round "7.14"]
[White "Dolzhikova, Olga"]
[Black "Stebbings, Anthony J"]
[Result "0-1"]
[WhiteTitle "WGM"]
[WhiteElo "2286"]
[BlackElo "2256"]
[WhiteTeam "Oslo Schakselskap"]
[BlackTeam "Jutes of Kent"]
[WhiteFideId "14105870"]
[BlackFideId "402427"]
[EventDate "2012.10.11"]
[EventType "team-swiss"]

1. e4 c5 2. c3 Nf6 3. e5 Nd5 4. d4 cxd4 5. Nf3 e6 6. cxd4 d6 7. a3 Bd7 8. Bd3
Bc6 9. O-O Nd7 10. Re1 Rc8 11. Ng5 dxe5 12. dxe5 Be7 13. Qh5 g6 14. Qg4 Ne3 15.
Bxe3 Nxe5 16. Qf4 Bxg5 17. Qxe5 Bf6 18. Qf4 Bxb2 19. Ra2 Qd5 20. f3 Qxa2 21. Bc4
g5 22. Qg4 h5 23. Qxe6+ fxe6 24. Bxa2 Kf7 25. Bxe6+ Kxe6 26. Bd4+ Kf7 27. Bxb2
Rhe8 28. Rxe8 Rxe8 29. Kf2 Kg6 30. Nc3 Rd8 31. Ke3 g4 32. h4 gxf3 33. gxf3 Re8+
34. Ne4 Kf5 0-1

[Event "28th European Club Cup"]
[Site "Eilat ISR"]
[Date "2012.10.17"]
[Round "7.14"]
[White "Harakis, Alexis M"]
[Black "Persson, Mats"]
[Result "1-0"]
[WhiteElo "2229"]
[BlackElo "2234"]
[WhiteTeam "Jutes of Kent"]
[BlackTeam "Oslo Schakselskap"]
[WhiteFideId "403954"]
[BlackFideId "1708333"]
[EventDate "2012.10.11"]
[EventType "team-swiss"]

1. d4 Nf6 2. c4 d6 3. Nc3 Nbd7 4. Nf3 e5 5. Bg5 Be7 6. Qc2 c6 7. e3 O-O 8. Bd3
h6 9. h4 exd4 10. exd4 d5 11. O-O-O dxc4 12. Bxc4 Nb6 13. Bb3 Nbd5 14. Rde1 Be6
15. Bxh6 Nb4 16. Qd2 Bxb3 17. Bxg7 Kxg7 18. axb3 Nfd5 19. Rh3 Rh8 20. Rg3+ Kf8
21. Ne5 Rxh4 22. Qe2 Bf6 23. Nxf7 Qd7 24. Ne5 Bxe5 25. Qxe5 Rd8 26. Qg5 Nd3+ 27.
Rxd3 Rh7 28. Rf3+ Rf7 29. Rh3 1-0

[Event "28th European Club Cup"]
[Site "Eilat ISR"]
[Date "2012.10.17"]
[Round "7.15"]
[White "Nabuurs, Mart"]
[Black "Ajvazi, Ramadan"]
[Result "0-1"]
[WhiteElo "2250"]
[BlackElo "2164"]
[WhiteTeam "De Stukkenjagers"]
[BlackTeam "Chess Club Expik"]
[WhiteFideId "1018515"]
[BlackFideId "909122"]
[EventDate "2012.10.11"]
[EventType "team-swiss"]

1. e4 c5 2. Nf3 d6 3. Nc3 Nf6 4. e5 dxe5 5. Nxe5 e6 6. g3 Be7 7. Bg2 O-O 8. d3
Nbd7 9. Nc4 Nb6 10. Qe2 Nbd5 11. a4 b6 12. a5 Bb7 13. Ne4 Qc7 14. f4 Rad8 15.
axb6 axb6 16. Bd2 Ra8 17. O-O Rxa1 18. Rxa1 Ra8 19. Qe1 Qb8 20. Ne5 Nxe4 21.
Bxe4 Rxa1 22. Qxa1 Nf6 23. Bc6 Bd6 24. Qa4 Bxe5 25. fxe5 Bxc6 26. Qxc6 Nd5 27.
c4 Ne7 28. Qd7 Nf5 29. Bg5 Nd4 30. Qd8+ Qxd8 31. Bxd8 Nf3+ 32. Kf1 Nxe5 33. Bxb6
Nxd3 34. b3 Nc1 35. Bxc5 Nxb3 36. Bb4 Nd4 37. Kf2 e5 38. g4 f6 39. Bc3 Nc6 40.
Ke3 Kf7 41. h3 Ke6 42. Be1 g6 43. Bc3 f5 44. Bb2 h5 45. Kf3 hxg4+ 46. hxg4 Na5
47. gxf5+ gxf5 48. c5 Kd5 49. Kg3 Ke4 50. Kh4 f4 51. Kg4 f3 52. Kg3 Ke3 53. Bxe5
Nc6 54. Bf4+ Ke2 0-1

[Event "28th European Club Cup"]
[Site "Eilat ISR"]
[Date "2012.10.17"]
[Round "7.15"]
[White "Hamiti, Gani"]
[Black "Muhren, Bianca"]
[Result "0-1"]
[BlackTitle "WGM"]
[WhiteElo "2144"]
[BlackElo "2307"]
[WhiteTeam "Chess Club Expik"]
[BlackTeam "De Stukkenjagers"]
[WhiteFideId "4701194"]
[BlackFideId "1008498"]
[EventDate "2012.10.11"]
[EventType "team-swiss"]

1. e4 c5 2. Nf3 e6 3. d4 cxd4 4. Nxd4 a6 5. Nc3 b5 6. Bd3 Bb7 7. O-O Qc7 8. Kh1
Nf6 9. a3 Nc6 10. Nxc6 Qxc6 11. f4 h5 12. Qe2 h4 13. Be3 Bc5 14. Bxc5 Qxc5 15.
Qf2 Qc6 16. h3 O-O-O 17. Rfe1 Nh5 18. Ne2 f5 19. Nd4 Qc5 20. b4 Qc3 21. e5 Rh6
22. a4 Rg6 23. Rg1 Rg3 24. Kh2 Rxg2+ 25. Rxg2 Qxa1 26. axb5 Bxg2 27. Kxg2 Ng3
28. Kf3 axb5 29. Nxb5 Qd1+ 30. Ke3 Qc1+ 31. Kd4 d5 32. exd6 Kd7 33. Qe3 Qa1+ 34.
c3 Rc8 35. Qf3 Qg1+ 36. Qe3 Qa1 37. Qf2 Rxc3 38. Qf3 Rc2+ 39. Ke3 Qg1+ 0-1

[Event "28th European Club Cup"]
[Site "Eilat ISR"]
[Date "2012.10.17"]
[Round "7.16"]
[White "Edouard, Romain"]
[Black "Leer-Salvesen, Bjarte"]
[Result "1-0"]
[WhiteTitle "GM"]
[BlackTitle "IM"]
[WhiteElo "2664"]
[BlackElo "2370"]
[WhiteTeam "Club d'Echecs Genève"]
[BlackTeam "Soss"]
[WhiteFideId "633429"]
[BlackFideId "1501496"]
[EventDate "2012.10.11"]
[EventType "team-swiss"]

1. e4 e6 2. d4 d5 3. Nc3 Bb4 4. e5 c5 5. a3 Bxc3+ 6. bxc3 Qc7 7. Qg4 Ne7 8. Qxg7
Rg8 9. Qxh7 cxd4 10. Ne2 Nbc6 11. f4 dxc3 12. h4 b6 13. Rh3 d4 14. Rg3 Rxg3 15.
Nxg3 Bb7 16. Ne4 O-O-O 17. Qxf7 Nxe5 18. Qxe6+ Kb8 19. Qxe5 Qxe5 20. fxe5 Bxe4
21. Bg5 Re8 22. O-O-O Ng6 23. Re1 Rxe5 24. g3 Kc7 25. Bf6 Ra5 26. Rxe4 Rf5 27.
Bd8+ Kxd8 28. Rxd4+ Ke7 29. Bd3 Rf6 30. Bxg6 Rxg6 31. Rd3 Rc6 32. Kd1 Ke6 33.
Ke2 Ke5 34. Rf3 b5 35. Kd3 Ra6 36. g4 Ra4 37. h5 Rxg4 38. Rh3 Rg7 39. h6 Rh7 40.
Kxc3 1-0